[Event "HUN-chT2 9394"]
[Site "Hungary"]
[Date "1994.??.??"]
[Round "?"]
[White "Sass, Viktor"]
[Black "Orso, Miklos"]
[Result "1/2-1/2"]
[WhiteElo "2245"]
[BlackElo "2330"]
[PlyCount "39"]
[EventDate "1993.??.??"]
[EventType "team"]
[EventRounds "13"]
[EventCountry "HUN"]
[SourceTitle "TD"]
[Source "ChessBase"]
[SourceDate "1994.03.01"]
[SourceVersion "1"]
[SourceVersionDate "1994.03.01"]
[SourceQuality "1"]

1. e4 c5 2. Nf3 d6 3. Bb5+ Nd7 4. 0-0 a6 5. Bxd7+ Qxd7 6. c3 Nf6 7. Re1 e5 8. d4 Qc7 9. h3 Be7 10. a4 b6 11. dxe5 dxe5 12. c4 0-0 13. Nc3 Bb7 14. Qc2 Rfe8 15. b3 Bf8 16. Bb2 g6 17. Rad1 Bg7 18. Nd5 Nxd5 19. exd5 Rad8 20. Re2 1/2-1/2

[Event "HUN-chT2 9293"]
[Site "Hungary"]
[Date "1993.??.??"]
[Round "?"]
[White "Kosztolanczi, Gyula"]
[Black "Sass, Viktor"]
[Result "1-0"]
[WhiteElo "2220"]
[BlackElo "2305"]
[PlyCount "47"]
[EventDate "1992.??.??"]
[EventType "team"]
[EventRounds "12"]
[EventCountry "HUN"]
[SourceTitle "TD"]
[Source "ChessBase"]
[SourceDate "1994.03.01"]
[SourceVersion "1"]
[SourceVersionDate "1994.03.01"]
[SourceQuality "1"]

1. e4 d6 2. d4 e5 3. Nf3 Nf6 4. dxe5 Nxe4 5. Qd5 Nc5 6. Bg5 Be7 7. exd6 Qxd6 8. Nc3 h6 9. Be3 c6 10. Qxd6 Bxd6 11. 0-0-0 Be7 12. Bc4 Bf5 13. Bxc5 Bxc5 14. Rhe1+ Be6 15. Bxe6 fxe6 16. Rxe6+ Kf7 17. Re5 Bb4 18. Ne4 Re8 19. c3 Rxe5 20. Nxe5+ Ke6 21. Rd8 Ba5 22. Re8+ Kd5 23. Kc2 Bc7 24. Kd3 1-0

[Event "HUN-chT2 9293"]
[Site "Hungary"]
[Date "1993.??.??"]
[Round "?"]
[White "Meszaros, Andras"]
[Black "Sass, Viktor"]
[Result "1-0"]
[WhiteElo "2345"]
[BlackElo "2305"]
[PlyCount "35"]
[EventDate "1992.??.??"]
[EventType "team"]
[EventRounds "12"]
[EventCountry "HUN"]
[SourceTitle "TD"]
[Source "ChessBase"]
[SourceDate "1994.03.01"]
[SourceVersion "1"]
[SourceVersionDate "1994.03.01"]
[SourceQuality "1"]

1. e4 e5 2. Nf3 d6 3. d4 Nf6 4. Bc4 Nxe4 5. dxe5 c6 6. 0-0 d5 7. Bd3 Nc5 8. Nc3 Bg4 9. h3 Nxd3 10. Qxd3 Bxf3 11. Qxf3 Qh4 12. Qf5 Nd7 13. Bg5 Qh5 14. e6 Nf6 15. Rfe1 Be7 16. Qe5 Qg6 17. exf7+ Kxf7 18. Qc7 1-0

[Event "Eger op"]
[Site "Eger"]
[Date "1988.??.??"]
[Round "?"]
[White "Plesec, Damjan"]
[Black "Sass, Viktor"]
[Result "1-0"]
[WhiteElo "2245"]
[BlackElo "2330"]
[PlyCount "87"]
[EventDate "1988.??.??"]
[EventType "swiss"]
[EventRounds "7"]
[EventCountry "HUN"]
[SourceTitle "EXT 2000"]
[Source "ChessBase"]
[SourceDate "1999.11.16"]
[SourceVersion "1"]
[SourceVersionDate "1999.11.16"]
[SourceQuality "1"]

1. d4 d5 2. Nf3 e6 3. e3 f5 4. c4 Nf6 5. Qc2 c6 6. Bd3 Bd6 7. cxd5 cxd5 8. b3 Nc6 9. 0-0 Nb4 10. Qe2 Nxd3 11. Qxd3 Qe7 12. a4 0-0 13. Ba3 Bd7 14. Bxd6 Qxd6 15. Ne5 a6 16. Nd2 b5 17. Rfc1 Rfc8 18. Nxd7 Qxd7 19. Rc5 Rxc5 20. dxc5 b4 21. Rc1 e5 22. c6 Qe6 23. Qc2 Ne8 24. Qc5 Qd6 25. Nf3 Qxc5 26. Rxc5 e4 27. Nd4 Nc7 28. Nxf5 Kf7 29. f4 exf3 30. gxf3 g6 31. Nd4 Ke7 32. Kf2 Kd6 33. Rc1 Re8 34. h4 Re5 35. f4 Re8 36. h5 Rf8 37. hxg6 hxg6 38. Ke2 Rf6 39. Kd3 Ne8 40. Rh1 Rf7 41. Rh6 Rf6 42. Rh7 Kc5 43. c7 Nd6 44. c8Q+ 1-0